[Event "Wch Seniors 65 26th"]
[Site "Marianske Lazne"]
[Date "2016.11.30"]
[Round "11"]
[White "Kummer, Heinz"]
[Black "Ben Zeev, Moshe"]
[Result "1/2-1/2"]
[WhiteElo "1702"]
[BlackElo "1943"]
[PlyCount "27"]
[EventDate "2016.11.19"]
[EventType "swiss"]
[EventRounds "11"]
[EventCountry "CZE"]
[SourceTitle "EXT 2018"]
[Source "ChessBase"]
[SourceDate "2017.10.13"]
[SourceVersion "1"]
[SourceVersionDate "2017.10.13"]
[SourceQuality "1"]

1. e4 c5 2. Nf3 d6 3. d4 cxd4 4. Nxd4 Nc6 5. Be2 Bd7 6. Be3 Nf6 7. Nc3 g6 8. Qd2 Bg7 9. f3 0-0 10. 0-0-0 Rc8 11. Kb1 a6 12. g4 b5 13. h4 b4 14. Nd5 1/2-1/2

[Event "Wch Seniors 65 24th"]
[Site "Katerini"]
[Date "2014.11.01"]
[Round "8"]
[White "Rave, Avraham"]
[Black "Ben Zeev, Moshe"]
[Result "1/2-1/2"]
[WhiteElo "1838"]
[BlackElo "1963"]
[PlyCount "24"]
[EventDate "2014.10.24"]
[EventType "swiss"]
[EventRounds "11"]
[EventCountry "GRE"]
[SourceTitle "EXT 2015"]
[Source "ChessBase"]
[SourceDate "2014.11.20"]
[SourceVersion "1"]
[SourceVersionDate "2014.11.20"]
[SourceQuality "1"]

1. d4 d5 2. Nf3 Nf6 3. c4 c6 4. e3 Bg4 5. h3 Bxf3 6. gxf3 e6 7. Nc3 Nbd7 8. cxd5 exd5 9. e4 Nb6 10. Rg1 g6 11. Bf4 Nh5 12. Be5 Bg7 1/2-1/2

[Event "Wch Seniors 65 24th"]
[Site "Katerini"]
[Date "2014.10.29"]
[Round "6"]
[White "Urbanc, Vinko"]
[Black "Ben Zeev, Moshe"]
[Result "1-0"]
[WhiteElo "1849"]
[BlackElo "1963"]
[PlyCount "83"]
[EventDate "2014.10.24"]
[EventType "swiss"]
[EventRounds "11"]
[EventCountry "GRE"]
[SourceTitle "EXT 2015"]
[Source "ChessBase"]
[SourceDate "2014.11.20"]
[SourceVersion "1"]
[SourceVersionDate "2014.11.20"]
[SourceQuality "1"]

1. e4 c6 2. Nc3 d5 3. d4 dxe4 4. Nxe4 Nf6 5. Ng3 e5 6. Be3 exd4 7. Bxd4 Be7 8. Nf3 Bg4 9. Be2 0-0 10. 0-0 c5 11. Be3 Nc6 12. c3 Qc7 13. h3 Rad8 14. Qa4 Bd7 15. Bf4 Qc8 16. Rfd1 Rfe8 17. Qc2 h6 18. Rd2 Be6 19. Rxd8 Rxd8 20. Rd1 Rd5 21. b3 Qd8 22. c4 Rxd1+ 23. Qxd1 Qa5 24. Bd6 Bxd6 25. Qxd6 Qxa2 26. Qxc5 Qxb3 27. Nd4 Nxd4 28. Qxd4 Qa3 29. Qd8+ Qf8 30. Qa5 Qb8 31. Nf5 Bxf5 32. Qxf5 Qc7 33. g4 b6 34. h4 Qe7 35. Bf3 g6 36. Qf4 Kg7 37. Kg2 Qc5 38. Be2 a5 39. Qd2 a4 40. f4 a3 41. Qc3 Qf2+ 42. Kxf2 1-0

[Event "Wch Seniors 65 24th"]
[Site "Katerini"]
[Date "2014.10.26"]
[Round "3"]
[White "Ben Zeev, Moshe"]
[Black "Bibilashvili, Giorgi"]
[Result "1/2-1/2"]
[WhiteElo "1963"]
[BlackElo "2169"]
[PlyCount "45"]
[EventDate "2014.10.24"]
[EventType "swiss"]
[EventRounds "11"]
[EventCountry "GRE"]
[SourceTitle "EXT 2015"]
[Source "ChessBase"]
[SourceDate "2014.11.20"]
[SourceVersion "1"]
[SourceVersionDate "2014.11.20"]
[SourceQuality "1"]

1. c4 e6 2. Nc3 d5 3. cxd5 exd5 4. d4 Nf6 5. Nf3 c6 6. e3 Bd6 7. Bd3 0-0 8. h3 Re8 9. Qc2 Nbd7 10. 0-0 Nf8 11. b3 Ng6 12. Bb2 Qe7 13. Nd2 Bc7 14. Rfe1 Qd6 15. Nf1 Bd7 16. a4 Ba5 17. Ba3 Bb4 18. Bxb4 Qxb4 19. Ng3 a5 20. Nce2 Re7 21. Qc5 Qxc5 22. dxc5 Ne5 23. Red1 1/2-1/2

[Event "EU-chT Seniors"]
[Site "Thessaloniki"]
[Date "2011.05.06"]
[Round "4"]
[White "Reuben, Stewart"]
[Black "Ben Zeev, Moshe"]
[Result "1-0"]
[WhiteElo "2140"]
[BlackElo "2006"]
[PlyCount "67"]
[EventDate "2011.05.03"]
[EventType "team-swiss"]
[EventRounds "9"]
[EventCountry "GRE"]
[SourceTitle "CBM 142 Extra"]
[Source "ChessBase"]
[SourceDate "2011.06.27"]
[SourceVersion "1"]
[SourceVersionDate "2011.06.27"]
[SourceQuality "1"]
[WhiteTeam "England II"]
[BlackTeam "Israel II"]
[WhiteTeamCountry "ENG"]
[BlackTeamCountry "ISR"]

1. c4 c5 2. Nc3 Nf6 3. g3 d6 4. Bg2 Nc6 5. d3 g6 6. a3 Bg7 7. Rb1 0-0 8. b4 cxb4 9. axb4 Qc7 10. Nf3 Bg4 11. Be3 Qd7 12. h3 Be6 13. b5 Nd8 14. Nd4 Nh5 15. Qd2 f5 16. Nxe6 Nxe6 17. Nd5 Nf6 18. 0-0 Kh8 19. Rfc1 Nxd5 20. cxd5 Nd4 21. b6 axb6 22. Rc4 e5 23. dxe6 Nxe6 24. Rxb6 Rab8 25. Rcb4 d5 26. R6b5 d4 27. Bh6 b6 28. Rxb6 Rxb6 29. Rxb6 Nd8 30. Bxg7+ Qxg7 31. Qb2 Nf7 32. Rb7 Qe5 33. Rd7 Kg7 34. Qxd4 1-0